[Event "17th Delhi GM Open 2019"]
[Site "Delhi"]
[Date "2019.01.12"]
[Round "5"]
[White "Girish, A. Koushik"]
[Black "Varga, Klara"]
[Result "1-0"]
[WhiteElo "2411"]
[BlackElo "2244"]
[Annotator "TA"]
[PlyCount "49"]
[EventDate "2019.01.09"]
[EventType "swiss"]
[EventCountry "IND"]
[SourceTitle "playchess.com"]
[Source "ChessBase"]
[SourceQuality "1"]

{[%evp 20,49,14,29,106,96,133,142,143,136,265,273,258,246,237,255,565,571,572,531,593,596,621,597,1040,1042,1020,1015,981,981,1129,990]} 1. Nf3 d5 2. c4 c6 3. e3 Nf6 4. Nc3 e6 5. Qc2 Nbd7 6. d4 Bd6 7. Bd3 dxc4 8. Bxc4 e5 9. O-O O-O 10. Bb3 Qe7 11. h3 {LiveBook: 188 Games} e4 {D46: Semi-Slav: 5 e3 Nbd7 6 Bd3, Black avoids the Meran} (11... a5 $11) (11... Bc7 12. Bd2 h6 13. Rad1 Re8 14. Nh4 Nf8 15. Nf5 Bxf5 16. Qxf5 e4 17. h4 Rad8 18. a3 Qd7 19. Qxd7 N8xd7 {1-0 (66) Duda,J (2697)-Adhiban,B (2670) Khanty-Mansiysk 2017}) 12. Ng5 $16 c5 $146 ({Predecessor:} 12... Nb6 13. Ngxe4 Bf5 14. Nxf6+ Qxf6 15. e4 Bg6 16. Be3 Qh4 17. f4 Rfe8 18. f5 Qg3 19. fxg6 Qxe3+ 20. Qf2 Qxf2+ 21. Rxf2 Red8 22. gxf7+ Kf8 23. Ne2 c5 24. e5 Be7 {1-0 (24) Raghunandan,K (2236)-Alkhaldi,B (1970) Kalutara 2015}) 13. Ngxe4 Bb8 {White is clearly better.} 14. Re1 b6 {[#]} (14... a5 $16 {was called for.} 15. Bd2 b6) 15. Nd5 $1 $18 {[%cal Rd5e7]} Qd8 16. Nexf6+ Nxf6 17. e4 ({Don't do} 17. Nxf6+ $6 Qxf6 18. dxc5 (18. Qe4 Be6 $16) 18... bxc5 $16) 17... h6 $2 (17... Be6 {is a better chance.} 18. Nxf6+ (18. dxc5 Nxd5 19. exd5 Bxd5 $16) 18... Qxf6) 18. Nxf6+ {[%mdl 64] Overworked Piece. White is clearly winning.} Qxf6 19. Bd5 cxd4 20. Bxa8 g5 21. Bd5 Bxh3 22. gxh3 Qf3 23. Qe2 Qxh3 24. e5 Rd8 25. Qf3 {Accuracy: White = 86%, Black = 14%.} 1-0

[Event "17th Delhi GM Open 2019"]
[Site "Delhi"]
[Date "2019.01.12"]
[Round "5"]
[White "Muthaiah AL"]
[Black "Stupak, Kirill"]
[Result "0-1"]
[WhiteElo "2406"]
[BlackElo "2542"]
[Annotator "TA"]
[PlyCount "66"]
[EventDate "2019.01.09"]
[EventType "swiss"]
[EventCountry "IND"]
[SourceTitle "playchess.com"]
[Source "ChessBase"]
[SourceQuality "1"]

{[%evp 19,66,17,33,14,16,16,31,31,21,18,42,22,47,0,0,0,0,0,0,0,0,0,0,0,10,-82,-81,-82,-83,-131,-88,-580,-72,-29989,-29990,-29990,-29991,-29991,-1144,-29992,-29993,-29993,-29994,-29994,-29988,-29988,-29989,-29996,-29997]} 1. Nf3 d5 2. d4 c5 3. c4 cxd4 4. cxd5 Qxd5 5. Nc3 Qa5 6. Nxd4 {D06: Queen's Gambit: Symmetrical and Baltic Defences} Nf6 7. Nb3 Qc7 8. g3 e5 9. Bg2 Bb4 10. Bd2 O-O {LiveBook: 11 Games} 11. O-O {Black should prevent Nb5.} Nc6 12. Rc1 Rd8 13. Qc2 Be6 14. Bg5 Be7 15. Bxf6 {[#]} gxf6 $146 ({Predecessor:} 15... Bxf6 16. Nc5 Nd4 17. Nd5 {½-½ (17) Cossin,S (2494)-Degraeve,J (2561) Guingamp 2010}) 16. Rfd1 Nb4 17. Qb1 {Strongly threatening Nd5.} Qb6 18. Nd2 f5 {Threatens to win with ...Bc5.} 19. a3 Nc6 20. e4 fxe4 21. Bxe4 Nd4 22. Bxh7+ (22. Nf3 $1 $11) 22... Kg7 $17 23. Be4 Bg5 24. Kh1 (24. h4 $2 Bxd2 25. Rxd2 Nf3+ $1 {[%mdl 512]} 26. Bxf3 Rxd2 $17) 24... Rh8 $36 {[%mdl 2048] And now ...Nf5! would win. Black is in control.} 25. h4 $2 {[%mdl 8192] [#]} (25. Nf1 $17 {is a better chance.}) 25... Bg4 $2 (25... Bxh4 $1 $19 {[%mdl 512] and Black stays clearly on top.} 26. Kg2 (26. gxh4 Rxh4+) 26... Bg5) 26. f3 $2 {[%mdl 8192] [#]} (26. Kg2 $17 Bxd1 27. Rxd1 Bxd2 28. Rxd2) 26... Bxh4 $1 {[%mdl 512]} 27. Kg2 {[#]} (27. gxh4 Nxf3) 27... Bxg3 $1 {[%mdl 512]} 28. Kxg3 Qh6 (28... Rh3+ $142 29. Kg2 Rah8 30. Rg1 Ne2 31. Kf1 Qxg1+ 32. Kxe2 Rh2+ 33. Kd3 Qd4+ 34. Kc2 Rxd2+ 35. Kb3 Be6+ 36. Nd5 Rhh2 37. Rg1+ Kf8 38. Rg8+ {[%mdl 64] Decoy} Kxg8 39. Qg1+ Qxg1 40. Bh7+ Kxh7 41. Kb4 Rxd5 42. Kc4 Qd4+ {[%mdl 64] Double Attack} 43. Kb3 Rxb2#) 29. Nf1 Qh4+ {Black mates.} 30. Kg2 Bh3+ 31. Kg1 Qg5+ 32. Kf2 Bxf1 33. Rxd4 Rh2+ {Accuracy: White = 38%, Black = 61%.} 0-1

[Event "17th Delhi GM Open 2019"]
[Site "Delhi"]
[Date "2019.01.12"]
[Round "5"]
[White "Sardana, Rishi"]
[Black "Bharat Kumar Reddy Poluri"]
[Result "0-1"]
[WhiteElo "2398"]
[BlackElo "2197"]
[Annotator "TA"]
[PlyCount "86"]
[EventDate "2019.01.09"]
[EventType "swiss"]
[EventCountry "IND"]
[SourceTitle "playchess.com"]
[Source "ChessBase"]
[SourceQuality "1"]

{[%evp 26,86,41,27,57,54,54,56,55,55,52,52,52,51,53,43,67,60,64,60,86,76,102,102,102,102,104,105,106,52,58,28,35,28,18,29,26,-95,-95,-193,-193,-193,-193,-241,-230,-307,-299,-273,-257,-347,-354,-356,-352,-321,-324,-397,-368,-493,-489,-491,-475,-598,-598]} 1. e4 e6 2. d4 d5 3. Nd2 c5 4. exd5 Qxd5 5. Ngf3 {[%cal Bg1f3,Bf3d4,Bd4f5][%mdl 32]} cxd4 6. Bc4 Qd6 7. O-O Nf6 8. Nb3 Nc6 9. Nbxd4 Nxd4 10. Nxd4 Be7 11. Re1 {C07: French Tarrasch: 3...c5, 4 Ngf3 and 4 exd5 Qxd5} O-O 12. c3 Qc7 13. Bb3 Bd7 14. Qf3 {[#] LiveBook: 6 Games} Rfd8 $146 ({Predecessor:} 14... Rfe8 15. h3 Rad8 16. Bf4 Qb6 17. Re2 Nd5 18. Bxd5 exd5 19. Rae1 Bc5 20. Rxe8+ Rxe8 21. Rxe8+ Bxe8 22. Qxd5 Bxd4 23. Qxd4 Qxd4 24. cxd4 {½-½ (30) Karjakin,S (2760)-Nakamura,H (2776) Zuerich 2015}) 15. Nf5 Bc6 16. Qg3 Qxg3 {[%csl Gc6][%cal Rg3g2]} 17. Nxe7+ Kf8 {[%csl Gc6][%cal Rg3g2]} 18. hxg3 Kxe7 19. Be3 b6 20. Bd4 Rac8 21. a4 Rd7 22. f3 g6 23. g4 Nd5 24. g5 Nf4 25. Rad1 Kf8 26. Kh2 Rcd8 27. g3 (27. Kg3 $16 Nd5 28. Be5) 27... Nd5 28. g4 Nb4 $1 29. Kg3 {Strongly threatening Bf6.} Bd5 $1 {[%cal Rd5b3]} 30. Bxd5 Rxd5 31. Rb1 (31. Rh1 $11 Nc6 32. Rxh7) 31... Nc2 $17 {[%mdl 64] [#] Double Attack} 32. Rh1 (32. Bxb6 $17 axb6 33. Re2) 32... Nxd4 $19 33. cxd4 {[%mdl 4096] Endgame KRR-KRR} Kg7 ({Much less strong is} 33... Rxd4 34. Rxh7 Rxa4 35. Rc1 $17) 34. Rh2 Rxg5 35. Rbh1 h5 ({Less strong is} 35... Rxd4 36. Rxh7+ Kf6 37. Rc1 $17) 36. Kf4 Kf6 37. Rd2 hxg4 38. fxg4 {[#]} Rxd4+ $1 {[%mdl 576] Remove Defender, Decoy} 39. Rxd4 {Threatens to win with Rd7.} e5+ {[%cal Be6e5,Be5d4,Bd4d3][%mdl 96] Double Attack} 40. Kg3 exd4 41. Rd1 Rd5 {Black is clearly winning.} 42. Kf4 d3 43. Ke4 Ke6 {Accuracy: White = 46%, Black = 75%.} 0-1

[Event "17th Delhi GM Open 2019"]
[Site "Delhi"]
[Date "2019.01.12"]
[Round "5"]
[White "Sammed Jaykumar, Shete"]
[Black "Nayak Rajesh"]
[Result "0-1"]
[WhiteElo "2395"]
[BlackElo "2181"]
[Annotator "TA"]
[PlyCount "17"]
[EventDate "2019.01.09"]
[EventType "swiss"]
[EventCountry "IND"]
[SourceTitle "playchess.com"]
[Source "ChessBase"]
[SourceQuality "1"]

{[%evp 12,17,53,0,71,65,79,72]} 1. d4 Nf6 2. c4 g6 3. Nc3 Bg7 4. e4 d6 5. Be2 O-O 6. Be3 Nbd7 7. g4 {LiveBook: 15 Games. E73: King's Indian: Averbakh Variation without 6...c5} (7. Nf3 $14) (7. h4 h5 8. Qd2 a6 9. f4 c5 10. e5 cxd4 11. Bxd4 dxe5 12. fxe5 Ng4 13. Bxg4 hxg4 14. Qe3 Qa5 15. c5 {0-1 (34) Ghaem Maghami,E (2574)-Naiditsch,A (2687) Doha 2016}) 7... e6 (7... c5 $11 {keeps the balance.}) 8. g5 Ne8 9. h4 $146 {[%mdl 32768] Loss on time!?} ({Predecessor:} 9. Qd2 Qe7 10. O-O-O c5 11. f4 Nc7 12. dxc5 dxc5 13. e5 a6 14. Ne4 a5 {1-0 (34) Eynullayev,A (2147)-Lomaia,D (1742) Batumi 2018}) 0-1

[Event "17th Delhi GM Open 2019"]
[Site "Delhi"]
[Date "2019.01.12"]
[Round "5"]
[White "Sahoo, Utkal Ranjan"]
[Black "Gukesh D"]
[Result "0-1"]
[WhiteElo "2388"]
[BlackElo "2497"]
[Annotator "TA"]
[PlyCount "100"]
[EventDate "2019.01.09"]
[EventType "swiss"]
[EventCountry "IND"]
[SourceTitle "playchess.com"]
[Source "ChessBase"]
[SourceQuality "1"]

{[%evp 18,100,69,66,81,83,98,58,58,55,97,58,58,58,69,56,64,63,59,57,51,50,62,64,67,62,88,85,112,104,101,66,93,0,-8,-97,-93,-107,-97,-137,-134,-139,-75,-193,-167,-275,-261,-269,-260,-267,-254,-240,-240,-227,-201,-204,-186,-211,-192,-234,-191,-203,-197,-314,-305,-329,-353,-347,-344,-345,-340,-336,-364,-327,-359,-360,-361,-500,-465,-526,-518,-509,-471,-29989,-29986]} 1. d4 Nf6 2. c4 g6 3. Nc3 Bg7 4. Nf3 O-O 5. e4 d6 6. Be2 Na6 7. O-O e5 8. Re1 Qe8 9. Bf1 Bg4 10. d5 $1 {LiveBook: 258 Games} Qe7 {E94: King's Indian: Classical: 6 Be2 e5 7 0-0: Various Black 7th moves} (10... Nb4 11. a3 Bxf3 12. gxf3 Na6 13. b4 Nd7 14. Be3 f5 15. Kh1 Qe7 16. Rc1 Qh4 17. c5 f4 18. Bd2 dxc5 {1-0 (45) So,W (2780)-Wei,Y (2729) chess.com INT 2018}) 11. h3 Bd7 12. Bg5 $146 ({Predecessor:} 12. a3 c5 13. dxc6 bxc6 14. b4 Nc7 15. Be3 Ne6 16. Qd2 Rfd8 17. Rad1 Bc8 18. Qc2 {1-0 (57) Porper,E (2448)-Kaminski,T (2088) Guelph 2009}) 12... h6 {White is slightly better.} 13. Bd2 c5 14. Nh2 Nc7 15. a3 {[%cal Ba2a3,Ba3a4][%mdl 32]} a5 16. a4 Na6 17. Bd3 Nb4 18. Bb1 Nh5 19. Qc1 Nf4 20. Bxf4 exf4 21. Qxf4 Rae8 22. Nf3 b6 23. Qd2 Qf6 24. Kh2 Re7 25. Bd3 (25. Ra3 $16) 25... g5 $11 26. Re3 {[#]} (26. Rad1 $11) 26... h5 $1 $17 27. e5 dxe5 {[%cal Bd6e5,Be5e4][%mdl 32]} 28. Ne4 {[#]} Qh6 $1 29. Nexg5 f5 (29... f6 $142 30. d6 Ree8) 30. Bf1 (30. Rae1 $17) 30... e4 31. Ree1 (31. h4 {is a better defense.}) 31... exf3 (31... Qd6+ 32. Kg1 $19) 32. Rxe7 Qd6+ 33. Kg1 {Rae1 is the strong threat.} Qxe7 34. Nxf3 Qf6 35. Re1 Bh6 ({Don't do} 35... Bxa4 36. Re6 $17) 36. Qd1 Re8 ({Worse is} 36... Qxb2 37. Ne5 $11) 37. b3 Re4 38. Nh2 Qe5 39. Nf3 Qc3 40. Rxe4 (40. h4 {was worth a try.}) 40... fxe4 $19 41. Nh4 e3 42. fxe3 Bxe3+ 43. Kh1 Qf6 44. Nf3 Bf4 45. Qe2 Bd6 46. Kg1 Kf8 47. Qe4 Bf5 48. Qe3 Nc2 49. Qf2 Be4 50. Ng5 {[#]} (50. Be2 $19) 50... Bh2+ $1 {[%mdl 512] Precision: White = 39%, Black = 74%.} 0-1

[Event "17th Delhi GM Open 2019"]
[Site "Delhi"]
[Date "2019.01.12"]
[Round "5"]
[White "Kulkarni, Vikramaditya"]
[Black "Pantsulaia, Levan"]
[Result "0-1"]
[WhiteElo "2345"]
[BlackElo "2597"]
[Annotator "TA"]
[PlyCount "102"]
[EventDate "2019.01.09"]
[EventType "swiss"]
[EventCountry "IND"]
[SourceTitle "playchess.com"]
[Source "ChessBase"]
[SourceQuality "1"]

{[%evp 19,102,27,53,26,22,22,30,3,28,22,29,25,27,26,46,22,20,27,190,17,179,0,114,66,39,-161,-157,-155,-145,-208,-208,-360,-352,-353,-360,-344,-331,-397,-405,-395,-407,-411,-396,-412,-361,-406,-397,-457,-516,-458,-497,-597,-581,-684,-630,-660,-681,-670,-623,-658,-629,-712,-722,-762,-685,-942,-942,-942,-942,-938,-921,-1247,-1336,-1105,-900,-1964,-1538,-3727,-2502,-29990,-29991,-29991,-29992,-29992,-29993]} 1. c4 c5 2. Nc3 Nc6 3. Nf3 g6 4. e3 Bg7 5. d4 d6 6. d5 Na5 7. e4 Nf6 {A35: Symmetrical English: 2 Nc3 Nc6 3 Nf3} 8. h3 (8. Be2 O-O 9. O-O e5 10. a3 b6 11. b4 Nb7 12. Nd2 Bd7 13. Nb3 Ne8 14. bxc5 Nxc5 15. a4 f5 16. Nxc5 bxc5 17. Rb1 Nf6 18. exf5 gxf5 19. Qc2 {½-½ (41) Dvirnyy,D (2513)-Ivanisevic,I (2570) Porto Mannu 2018}) 8... O-O 9. Bd3 a6 10. O-O Rb8 {LiveBook: 5 Games} 11. Qe2 e6 12. dxe6 $146 ({Predecessor:} 12. Bg5 h6 13. Be3 exd5 14. exd5 Qc7 {0-1 (56) Timofeev,A (2216)-Toder,D (2198) Peterhof 2009}) 12... Bxe6 13. Rd1 Re8 14. Bf4 Nh5 15. Bg5 Qc8 16. Rac1 Nc6 17. Nd5 b5 18. b3 Na5 $2 (18... Qd7 $11) 19. Nc3 $2 (19. Ne7+ $18 Rxe7 20. Bxe7) 19... Nc6 $2 (19... bxc4 $11 {and Black has nothing to worry.} 20. bxc4 Nc6) 20. Nd5 $2 (20. cxb5 $18 axb5 21. Bxb5) 20... Bxh3 (20... Na5 $11 {keeps the balance.}) 21. cxb5 axb5 22. Nf4 $2 {[#]} (22. gxh3 $14 {was forced to keep a grip.} Qxh3 23. Qe3) 22... Bg4 $1 $19 (22... Nxf4 23. Bxf4 Qg4 24. Bg3 $11) 23. Nxh5 Nd4 24. Nxd4 (24. Qe3 $17 {keeps fighting.} Bxf3 25. gxf3 (25. Nxg7 $2 Qg4 $19) 25... gxh5 26. Kh2) 24... Bxe2 25. Nxg7 $2 (25. Bxe2 Bxd4 {[#]} 26. Rxd4 $1 {[%mdl 512]} gxh5 27. Rxd6) 25... Bxd1 ({Worse is} 25... Kxg7 26. Nxe2 Qg4 27. Bf4 $14) 26. Nxe8 Qxe8 27. Nxb5 Bg4 ({Not} 27... Rxb5 28. Bxb5 Qxb5 29. Rxd1 $17) 28. a4 Qe5 29. Be3 Be6 30. Rb1 g5 31. Bd2 d5 32. Bc3 d4 33. Ba5 {And now Bc7 would win.} Rb7 34. Bd2 h6 {[%cal Bh7h6,Bh6h5,Bh5h4][%mdl 32]} 35. Ba5 h5 36. Bd8 h4 37. a5 Qb8 38. a6 Rxb5 (38... Qxd8 39. axb7 Kg7 40. Ra1 $18) 39. Bxb5 Qxb5 40. a7 Qa6 41. Bb6 d3 42. Bxc5 Bc8 43. Be3 g4 {[%cal Bg5g4,Bg4g3][%mdl 32]} 44. Rc1 Bb7 45. Rc5 f6 46. Rc4 Qa1+ 47. Kh2 Qe5+ 48. Kg1 g3 49. f3 {[#]} d2 $1 {Black mates.} 50. Bxd2 Qa1+ 51. Rc1 Qd4+ {Precision: White = 25%, Black = 68%.} 0-1

[Event "17th Delhi GM Open 2019"]
[Site "Delhi"]
[Date "2019.01.12"]
[Round "5"]
[White "Navalgund, Niranjan"]
[Black "Paichadze, Luka"]
[Result "0-1"]
[WhiteElo "2327"]
[BlackElo "2583"]
[Annotator "TA"]
[PlyCount "64"]
[EventDate "2019.01.09"]
[EventType "swiss"]
[EventCountry "IND"]
[SourceTitle "playchess.com"]
[Source "ChessBase"]
[SourceQuality "1"]

{[%evp 18,64,30,22,42,17,27,22,22,31,24,4,11,8,8,0,0,0,33,17,17,-3,-4,-7,27,24,39,-21,-20,-18,0,0,0,-25,-22,-23,-13,-74,-72,-259,-65,-133,-87,-178,-184,-260,-254,-29989,-29990]} 1. d4 Nf6 2. c4 e6 3. g3 Bb4+ 4. Bd2 a5 5. Bg2 d5 6. Nf3 O-O 7. O-O b6 8. cxd5 exd5 9. Nc3 Bb7 10. Ne5 h6 {E16: Queen's Indian: 4 g3 Bb7 5 Bg2 Bb4+} 11. Qa4 $146 ({Predecessor:} 11. Rc1 Re8 12. Bf4 Nh5 13. Be3 Nf6 14. Qc2 c6 15. a3 Bd6 16. Bf4 Bxe5 17. dxe5 Nfd7 18. Qf5 {1-0 (45) Sokolin,L (2465)-Adianto,U (2585) New York 1995}) 11... Bxc3 12. Bxc3 Nc6 {The position is equal.} 13. Nxc6 Qd7 14. Rac1 {[#] And now Bd2 would win.} Bxc6 15. Qc2 Bb5 16. Rfe1 Rfe8 17. f3 Rac8 18. e4 c5 {...cxd4 is the strong threat.} 19. Qd2 dxe4 20. fxe4 cxd4 21. Qxd4 Qe6 22. e5 (22. Rcd1 $14) 22... Rcd8 $11 23. Qh4 Nd5 24. Bh3 Qg6 25. e6 Nxc3 26. Rxc3 {Black must now prevent a4.} fxe6 27. Bxe6+ (27. a4 $11 {keeps the balance.} Ba6 28. Qg4 Qxg4 29. Bxg4) 27... Kh8 $17 {Hoping for ...Rd6.} 28. Rce3 $2 (28. Rcc1 $17) 28... Rf8 $2 (28... Rd6 $19 29. a4 Rexe6 {[%mdl 64] Overworked Piece} 30. Rxe6 Rxe6 31. Rxe6 Qb1+ {[%mdl 64] Double Attack} 32. Kf2 Qxb2+ 33. Ke3 Qe2+ 34. Kd4 Qxe6 35. axb5 Qd6+ 36. Kc3 Qa3+ 37. Kc2 Qc5+ {[%mdl 64] Double Attack} 38. Kd2 Qxb5) 29. a4 ({White should play} 29. Rf3 $15) 29... Ba6 $36 {[%mdl 2048] White is under strong pressure.} 30. Qe4 (30. Re5 $17) 30... Qf6 $19 31. Qg2 (31. Qc2 $142) 31... Qd4 {Strongly threatening ...Qxe3+!} 32. b3 $2 {[#]} (32. h4 $19) 32... Qxe3+ $1 {[%mdl 512] Accuracy: White = 21%, Black = 52%.} 0-1

[Event "17th Delhi GM Open 2019"]
[Site "Delhi"]
[Date "2019.01.12"]
[Round "5"]
[White "Ameir, Moheb"]
[Black "Gupta, Abhijeet"]
[Result "0-1"]
[WhiteElo "2309"]
[BlackElo "2581"]
[Annotator "TA"]
[PlyCount "88"]
[EventDate "2019.01.09"]
[EventType "swiss"]
[EventCountry "IND"]
[SourceTitle "playchess.com"]
[Source "ChessBase"]
[SourceQuality "1"]

{[%evp 19,88,10,16,12,21,20,14,0,19,-7,-6,-5,-6,-8,-2,-22,-27,-24,-23,-31,-10,-12,0,0,0,-12,7,-19,-17,-21,-18,-24,0,-16,17,-14,-11,-19,-14,-62,-37,-44,-36,-55,-33,-33,-28,-60,-68,-68,-40,-53,-60,-114,-109,-176,-181,-210,-195,-527,-502,-638,-638,-627,-622,-647,-663,-915,-926,-929,-924]} 1. e4 c5 2. Nf3 d6 3. Bb5+ Nd7 4. O-O a6 5. Bd3 Ngf6 6. Re1 {B51: Sicilian: Moscow Variation (3 Bb5+) without 3...Bd7} e6 7. c3 b5 8. Bc2 c4 9. a4 Bb7 10. d3 cxd3 {LiveBook: 19 Games} 11. Qxd3 Nc5 12. Qe2 bxa4 13. Be3 $146 {[#] Black must now prevent Bxc5.} Nfd7 14. Nbd2 Be7 15. Bxa4 Nxa4 16. Rxa4 O-O 17. Rea1 Qc7 18. Ra5 Rfb8 19. Bd4 Rc8 20. c4 Qb8 21. b4 e5 22. Bb2 h6 23. Qd3 Qc7 24. Rc1 Bc6 25. Rca1 Bb7 26. h3 Rd8 27. Qe2 Nf8 28. Qd3 Rac8 29. Qe3 Ne6 30. Rc1 Qb8 31. Bc3 Rd7 32. Bb2 Bd8 33. Raa1 Bc6 34. Ba3 a5 35. b5 Ba8 $1 36. c5 (36. Qe1 $15) 36... dxc5 $17 37. Nc4 (37. Rab1 $17 {was worth a try.}) 37... Qxb5 $19 38. Nfxe5 Rd4 {Threatens to win with ...f6.} ({Don't play} 38... Bg5 39. Qf3 $17) 39. Nd2 $2 {[#]} (39. Nxf7 {is tougher.} Rxc4 40. Nd6 Rxc1+ 41. Qxc1) 39... Bg5 {Black is clearly winning.} 40. Qf3 Qe8 41. Ndc4 Bxe4 42. Qg3 Bf4 43. Qc3 Bxe5 44. Nxe5 Nf4 {[%mdl 64] Discovered Attack (Double check). Accuracy: White = 19%, Black = 68%.} 0-1

[Event "17th Delhi GM Open 2019"]
[Site "Delhi"]
[Date "2019.01.12"]
[Round "5"]
[White "Sharma, Dinesh K."]
[Black "Movsziszian, Karen"]
[Result "1/2-1/2"]
[WhiteElo "2303"]
[BlackElo "2514"]
[Annotator "TA"]
[PlyCount "48"]
[EventDate "2019.01.09"]
[EventType "swiss"]
[EventCountry "IND"]
[SourceTitle "playchess.com"]
[Source "ChessBase"]
[SourceQuality "1"]

{[%evp 17,48,30,37,8,16,16,41,43,52,47,48,0,47,43,48,46,54,55,64,52,79,10,50,16,54,61,50,51,53,44,51,46,47]} 1. e4 {[%cal Be2e4,Be4e5][%mdl 32]} d6 2. d4 Nf6 3. Nc3 g6 4. Bc4 Bg7 5. Qe2 Nc6 6. e5 Nd7 7. Nf3 Nb6 8. Bb3 O-O 9. h3 Na5 {LiveBook: 7 Games. B07: Pirc Defence: Miscellaneous Systems} 10. Be3 c6 11. O-O Nxb3 $146 {The position is equal.} ({Predecessor:} 11... d5 12. Na4 Nxa4 13. Bxa4 Nc4 14. Bc1 b5 {½-½ (26) Bojovic,D (2286)-Tosic,M (2438) Paracin 2009}) 12. axb3 f6 13. exd6 exd6 14. Qd2 (14. d5 $5) 14... g5 15. Nh2 h6 16. f4 Nd5 17. Nxd5 cxd5 18. g4 Re8 19. h4 (19. Rf3 $16) 19... gxh4 20. f5 Kh7 21. Nf3 {White is slightly better.} Re4 22. Bf4 Bd7 23. Nxh4 Qb6 24. c3 Qxb3 {Accuracy: White = 54%, Black = 20%.} 1/2-1/2

[Event "17th Delhi GM Open 2019"]
[Site "Delhi"]
[Date "2019.01.12"]
[Round "5"]
[White "Neelash Saha"]
[Black "Debashis, Das"]
[Result "0-1"]
[WhiteElo "2300"]
[BlackElo "2538"]
[Annotator "TA"]
[PlyCount "102"]
[EventDate "2019.01.09"]
[EventType "swiss"]
[EventCountry "IND"]
[SourceTitle "playchess.com"]
[Source "ChessBase"]
[SourceQuality "1"]

{[%evp 11,102,-4,-3,-68,-69,-71,-56,-70,-59,-62,-42,-37,-30,-40,-37,-43,-37,-53,-50,-55,-54,-59,-58,-47,-41,-58,-57,-54,-44,-52,0,-48,-48,-51,-41,-38,0,-48,-51,-77,-57,-93,-85,-95,-54,-79,-54,-54,-64,-68,-54,-76,249,-59,0,-79,-89,-107,-104,-112,-105,-132,-141,-149,-141,-146,-102,-103,-93,-212,-220,-200,-210,-232,-203,-195,-189,-308,-338,-304,-224,-449,-431,-474,-325,-613,-591,-872,-864,-864,-845,-1741,-1565]} 1. d4 Nf6 2. Bg5 d5 3. e3 c5 4. Bxf6 exf6 5. Nc3 Nc6 6. dxc5 {D00: 1 d4 d5: Unusual lines} Be6 $1 {LiveBook: 4 Games} 7. Na4 $146 (7. Bd3 $11) ({Predecessor:} 7. Bd3 Bxc5 8. Nge2 d4 9. exd4 Nxd4 10. Ne4 Bb6 11. Nf4 f5 12. Nxe6 fxe6 {0-1 (64) Podetti,D (2188)-Brunello,S (2555) Alessandria 2018}) 7... Qa5+ $1 $15 8. Nc3 {Black is slightly better.} Bxc5 9. Bb5 {[#]} Ba3 $1 {[%mdl 512]} 10. Qc1 $1 (10. bxa3 Qxc3+) 10... Qxc3+ 11. bxc3 Bxc1 12. Rxc1 Ke7 13. Ne2 Na5 14. Rb1 Rac8 15. Kd2 Rc5 16. Rb4 Rhc8 17. Bd3 h6 18. Rhb1 b6 19. Rb5 Rxb5 20. Rxb5 Bd7 ({Black should play} 20... Nb7 $15) 21. Rb4 Rc5 22. Rd4 Nc6 23. Ra4 Na5 24. Rd4 Nc4+ 25. Kc1 Ne5 26. Kd2 Ra5 27. Nc1 g5 28. Rb4 h5 29. f4 Ng4 30. h3 $1 {[%cal Rh3g4]} Nf2 31. Ke2 Ng4 $2 {[%mdl 8192]} (31... Nh1 $1 $17) 32. Kd2 $2 (32. hxg4 $18 Bxg4+ 33. Kf2) 32... Nf2 33. Ke2 Nh1 $1 34. Rd4 Ng3+ 35. Kd2 h4 36. Rb4 Bc6 37. Nb3 Rxa2 38. Nd4 Bd7 39. Nf3 Ra1 40. Rd4 {[#]} (40. fxg5 $17 {was called for.} fxg5 41. Nxg5) 40... a5 $1 $19 {[%cal Ba7a5,Ba5a4,Ba4a3][%mdl 32]} 41. fxg5 fxg5 42. Nxg5 Rg1 {White must now prevent ...a4.} 43. Nf3 Rxg2+ 44. Ke1 {[#]} (44. Kc1 {was necessary.}) 44... a4 $1 {[%cal Ra4a3] And now ...a3 would win.} ({Less strong is} 44... Bxh3 45. Nxh4 Rh2 46. Nf3 $17) 45. Rb4 Ne4 ({Not} 45... Bxh3 46. Nxh4 Rh2 47. Rxa4 $11) 46. Rxb6 $2 (46. Bxe4 dxe4 47. Rxe4+ Kf8 48. Rd4) 46... Bxh3 47. Rb4 Be6 {...a3 is the strong threat.} 48. c4 $2 (48. Rxa4 h3 49. Bxe4 dxe4 50. Rxe4) 48... a3 {Black is clearly winning.} 49. Ra4 {intending cxd5.} h3 {Hoping for ...Bg4.} 50. cxd5 Ng5 51. Be4 Nxe4 {Accuracy: White = 41%, Black = 61%.} 0-1